Štúdium rýchlej GC-MS na analýzu endokrinných disruptorov patriacich do skupiny pesticídov

Gespeichert in:
Bibliographische Detailangaben
1. Verfasser: Horváth, Matej
Format: Buch
Sprache:Slowakisch
Veröffentlicht: Bratislava STU FCHPT 2009
Online-Zugang:Im OPAC anzeigen
Tags: Tag hinzufügen
Keine Tags, Fügen Sie das erste Tag hinzu!

MARC

LEADER 00000nam a2200000 a 4500
005 20260127134150.0
008 090706 2009 xo 000 0 slo d
035 |a vtls009624455 
039 9 |a 200907060744  |b mschk03  |c 200907060737  |d mschk03  |y 200907060724  |z mschk03 
040 |a STUSCHK1  |b slo  |c STUSCHK1  |e AACR2 
100 1 |a Horváth, Matej 
245 1 |a Štúdium rýchlej GC-MS na analýzu endokrinných disruptorov patriacich do skupiny pesticídov  |c Matej Horváth 
260 |a Bratislava  |b STU FCHPT  |c 2009 
300 |a 65 s.  |b il.  |c 30cm 
500 |a Obháj.: 8.6. 2009 
500 |a Študijný program: chémia 
500 |a Zameranie: analytická chémia 
500 |a Miesto vypracovania: Oddelenie analytickej chémie, FCHPT STU 
500 |a Študijný odbor: 4.1.14 chémia, 5.2.18 chemické technológie 
910 |a SCHK95 
999 |c 5614  |d 5614